MARC

Tag First Indicator Second Indicator Subfields
LEADER 00000cam a2200000 i 4500
001 in00004806413
008 860204e198509 msua bt f000 0 eng d
005 20240807182526.4
035 |a (OCoLC)ocm13104960  
040 |a AFM  |b eng  |e rda  |c AFM  |d OCLCQ  |d OCLCO  |d OCLCA  |d OCLCF  |d EOA  |d OCLCQ  |d OCLCA  |d TRAAL  |d OCLCQ  |d OCLCO  |d LUU 
035 |a (OCoLC)13104960 
043 |a n-us-ct 
050 4 |a TA7  |b .W34 no.D-85-9 
086 0 |a D 103.24/2:D-85-9 
049 |a MAIN 
100 1 |a Rogerson, Peter F,  |e author 
245 1 0 |a Chemical and biological characterization of Black Rock Harbor dredged material /  |c by Peter F. Rogerson, Steven C. Schimmel, Gerald Hoffman. 
246 3 |a Chemical characterization, Black Rock Harbor dredged material 
264 1 |a Vicksburg, Miss. :  |b U.S. Army Engineer Waterways Experiment Station ;  |c [1985] 
264 1 |a [Springfield, Va.] :  |b [Available from National Technical Information Service],  |c [1985] 
300 |a 110, 13 pages :  |b illustrations ;  |c 28 cm 
336 |a text  |b txt  |2 rdacontent 
337 |a unmediated  |b n  |2 rdamedia 
338 |a volume  |b nc  |2 rdacarrier 
490 1 |a Technical report ;  |v D-85-9 
513 |a Final report. 
500 |a Cover title. 
500 |a Spine title: "Chemical characterization, Black Rock Harbor dredged material." 
500 |a At head of title: "Field Verification Program (Aquatic Disposal)." 
500 |a Prepared for: Dept. of the Army, U.S. Army Corps of Engineers ... and U.S. Environmental Protection Agency ... monitored by: Environmental Laboratory, U.S. Army Engineer Waterways Experiment Station ... 
500 |a "September 1985." 
500 |a Accompanied by 1 Microfiche (11 X 15 cm.), "Appendix B: Acute toxicity data sheets", in pocket at back. 
504 |a Includes bibliographical references (pages 108-110).  |b 22 
500 |a Includes abstract. 
590 |b TAG Physical Holdings 2 
650 0 |a Dredging  |z Connecticut  |z Black Rock Harbor. 
651 0 |a Black Rock Harbor (Conn.)  |0 http://id.loc.gov/authorities/subjects/sh90002657 
650 0 |a Marine sediments  |x Analysis. 
650 0 |a Aquatic biology.  |0 http://id.loc.gov/authorities/subjects/sh85006231 
650 6 |a Dragage  |z Connecticut  |z Black Rock, Baie. 
651 6 |a Black Rock, Baie (Conn.) 
650 6 |a Sédiments marins  |x Analyse. 
650 6 |a Hydrobiologie. 
650 7 |a Aquatic biology.  |2 fast  |0 (OCoLC)fst00811975 
650 7 |a Dredging.  |2 fast  |0 (OCoLC)fst00897926 
650 7 |a Marine sediments  |x Analysis.  |2 fast  |0 (OCoLC)fst01009959 
651 7 |a Connecticut  |z Black Rock Harbor.  |2 fast  |0 (OCoLC)fst01255641 
700 1 |a Schimmel, Steven C. 
700 1 |a Hoffman, Gerald. 
710 2 |a Environmental Research Laboratory (Narragansett, R.I.)  |0 http://id.loc.gov/authorities/names/n80036454 
710 2 |a U.S. Army Engineer Waterways Experiment Station.  |0 http://id.loc.gov/authorities/names/n80157038 
710 1 |a United States.  |b Army.  |b Corps of Engineers. 
710 1 |a United States.  |b Environmental Protection Agency.  |0 http://id.loc.gov/authorities/names/n79079597 
710 2 |a Field Verification Program (Aquatic Disposal)  |0 http://id.loc.gov/authorities/names/n89667396 
776 0 8 |i Electronic version :  |a Rogerson, Peter F.  |t Chemical and biological characterization of Black Rock Harbor dredged material.  |d Vicksburg, Mississippi : U.S. Army Engineer Waterways Experiment Station ; [Springfield, Va.] : [Available from National Technical Information Service], [1985]  |w (OCoLC)1000617871 
776 0 8 |i Online version:  |a Rogerson, Peter F.  |t Chemical and biological characterization of Black Rock Harbor dredged material.  |d Vicksburg, Miss. : U.S. Army Engineer Waterways Experiment Station ; [Springfield, Va.] : [Available from National Technical Information Service], [1985]  |w (OCoLC)1084478096 
830 0 |a Technical report (U.S. Army Engineer Waterways Experiment Station) ;  |v D-85-9.  |0 http://id.loc.gov/authorities/names/n84716505 
856 4 1 |u http://nepis.epa.gov/Exe/ZyPURL.cgi?Dockey=9101P5HA.txt  |t 0 
994 |a 92  |b TAG 
852 |a TAG  |b TAGC  |c galv,stk  |h TA7 .W34 T.R. D-85-9  |t c.1 
866 0 |8 0  |a D-85-9 
876 |3 D-85-9  |c 10.00  |p 33620000905428  |x ACC#2000-204;gift  |v unmediated -- volume 
999 f f |s 2ea8c4b6-0b63-4cef-b55c-16c185418bd9  |i dd259511-e143-4be7-ad1e-e475ddf6d9b6  |t 0 
952 f f |p normal  |a Texas A&M University  |b Galveston Campus  |c Jack K. Williams Library  |d Galveston Stacks  |t 0  |e TA7 .W34 T.R. D-85-9  |h Library of Congress classification  |i unmediated -- volume  |k D-85-9  |m 33620000905428 
998 f f |a TA7 .W34 T.R. D-85-9  |s D-85-9  |t 0  |l Galveston Stacks